000 01254nam a2200409 a 4500
001 21357
003 CZ PrNK
005 20260227151639.0
007 ta
008 080709s2008 xr a a 000 j slo
015 _acnb001810919
020 _a9788025209455
_q(váz.)
035 _a(OCoLC)244815514
040 _aABA001
_bcze
041 1 _aslo
_heng
072 7 _a821-93
_xLiteratura pro děti a mládež (beletrie)
_2Konspekt
080 _a821-93
_2MRF
080 _a821-32
_2MRF
080 _a(0:82-32)
_2MRF
245 0 0 _aTomáš, James a červený balón :
_bpodľa televízneho seriálu o rušni Tomášovi
250 _a1. vyd.
260 _aV Prahe :
_bEgmont,
_c2008
300 _a27 s. :
_bbarev. il. ;
_c21 x 23 cm
490 1 _aTomáš a jeho kamaráti
500 _aPřeloženo z angličtiny
500 _aNad názvem: Thomas & friends
655 7 _apříběhy
_2czenas
655 7 _apublikace pro děti
_2czenas
655 9 _astories
_2eczenas
655 9 _achildren's literature
_2eczenas
765 0 _tThomas, James and the red balloon
787 0 _tDobrodružstvá rušňa Tomáša
830 0 _aTomáš a jeho kamaráti
901 _b9788025209455
_f1. vyd.
_o20080919
910 _aABA001
942 _2ddc
_cKLDE
_n0
999 _c21357
_d21357